ATP Tennis Players Big Titles Won - Statistics

General Stats
  • This quiz has been taken 117 times
  • The average score is 13 of 21
Answer Stats
# Player % Correct
59 Rafael Nadal
100%
54 Roger Federer
100%
72 Novak Djokovic
99%
20 Andy Murray
98%
30 Pete Sampras
95%
27 Andre Agassi
94%
7 Jannik Sinner
77%
9 Carlos Alcaraz
75%
10 Alexander Zverev
72%
8 Daniil Medvedev
69%
6 Andy Roddick
66%
9 Boris Becker
59%
6 Lleyton Hewitt
55%
9 Gustavo Kuerten
45%
9 Jim Courier
45%
7 Marat Safin
45%
7 Stefan Edberg
44%
5 Juan Carlos Ferrero
39%
7 Michael Chang
33%
5 Marcelo Rios
20%
9 Thomas Muster
18%
No matching quizzes found
Score Distribution
Percent of People with Each Score
Percentile by Number Answered
Your Score History
You have not taken this quiz